| 000 | 00478nam a22001697a 4500 | ||
|---|---|---|---|
| 008 | 230515b |||||||| |||| 00| 0 eng d | ||
| 020 | _a978-94-017-8028-5 | ||
| 040 |
_aNational Science Library _cNational Science Library |
||
| 080 |
_a551.4(540) _bQ4 |
||
| 245 | _aLandscapes and landforms of India | ||
| 260 |
_aNew York: _bSpringer, _c2014 |
||
| 300 | _axiii, 271p. | ||
| 650 | _aGeography | ||
| 653 | _aLandscapes | ||
| 700 | _aKale, Vishwas S (Ed.) | ||
| 942 |
_2udc _cBK |
||
| 999 |
_c29831 _d29831 |
||